Billie Eilish Lyrics: Getting Older - Statistics

General Stats
  • This quiz has been taken 333 times
  • The average score is 219 of 279
Answer Stats
Answer % Correct
get
99%
getting
99%
i
99%
older
99%
a
98%
i'm
98%
we
97%
be
95%
my
95%
think
95%
so
94%
to
94%
me,
93%
me
93%
well
93%
by
91%
the
91%
myself
90%
some
90%
that
90%
that,
90%
when
90%
doing
89%
on
89%
this
89%
for
88%
for,
88%
wish
88%
aging
87%
at
87%
had
87%
than
87%
told
87%
but
86%
i'd
85%
it's
85%
someone
85%
more
82%
there's
80%
and
79%
ever
79%
i'll
79%
just
79%
reason
79%
things
79%
door
78%
lot
78%
now
78%
thankful
78%
before
77%
before)
77%
your
77%
always
76%
anyone
76%
(anyone
76%
want
76%
was
76%
week,
75%
week
75%
is
74%
i've
74%
stranger's
74%
strangers
74%
too
74%
better
73%
every
73%
got
73%
reasons
73%
seem
73%
grateful
72%
keep
72%
'cause
71%
don't
71%
last
71%
once
71%
that's
71%
waiting
71%
did
70%
enjoyed
70%
honest,
70%
honest
70%
make
70%
of
70%
happier
69%
wanna,
69%
bad,
68%
bad
68%
didn't
68%
employed
68%
everything
68%
ironic
68%
much,
68%
sound
68%
time
68%
worse
68%
care
67%
shoulders
67%
tell
67%
trauma,
67%
bored
66%
promise
66%
story
66%
until
66%
wasn't
66%
which
66%
fine
65%
least
65%
longing
65%
because
64%
different
64%
hope
64%
realized
64%
someday,
64%
wrong
64%
admitting
62%
afraid
62%
next
62%
somewhere
62%
sounds
62%
weird
62%
what
62%
being
61%
can't
61%
feeling
61%
pleasure
61%
retell
61%
together
61%
usually
61%
healing
60%
laughing,
60%
pity,
60%
sentence
60%
still
60%
would
60%
anybody
59%
attention
59%
crave
59%
ya,
59%
abused
58%
ignored
58%
asking
57%
shake
57%
they're
57%
given
56%
maybe
56%
(not
56%
rehearsed
56%
prioritize
55%
we're
55%
decision)
54%
deranged
53%
his
50%
depend
49%
endeavor
49%
permission,
45%
(lying
41%
neglection)
41%
estranged
38%
No matching quizzes found
Score Distribution
Percent of People with Each Score
Percentile by Number Answered
Your Score History
You have not taken this quiz